Statistics for Canadian Diaspora

Click here to take the quiz!

General Stats

  • This quiz has been taken 147 times
  • The average score is 11 of 16

Answer Stats

# of Canadian citizensCountry% Correct
1,062,640United States
100%
87,000United Kingdom
98%
27,289Australia
94%
60,000France
94%
13,390Germany
92%
300,000Hong Kong
89%
19,990Mainland China
89%
11,016Japan
82%
7,770New Zealand
78%
14,210South Korea
65%
40,000UAE
43%
7,500Philippines
38%
7,250Qatar
31%
10,000Egypt
28%
17,320Pakistan
21%
45,000Lebanon
17%

Score Distribution

Percentile by Number Answered

Percent of People with Each Score

Your Score History

You have not taken this quiz